Evolution, adaptation and expansion of programmatic buying in selected regions
Vývoj, adaptácia a rozšírenie programového nákupu ako integrálna súčasť digitálneho marketingu. Výhody a nevýhody programového nákupu. Technológie využívané pri programovom nakupovaní. Prehľad literatúry a porovnanie európskych krajín a USA.
Salvato in:
| Autore principale: | |
|---|---|
| Altri autori: | |
| Natura: | Capitolo di libro |
| Lingua: | inglese |
| Soggetti: | |
| Tags: |
Nessun Tag, puoi essere il primo ad aggiungerne!!
|
MARC
| LEADER | 00000nla a2200000 4500 | ||
|---|---|---|---|
| 001 | 0239366 | ||
| 005 | 20240502083642.7 | ||
| 041 | 0 | |a eng | |
| 044 | |a CZ | ||
| 245 | 1 | 0 | |a Evolution, adaptation and expansion of programmatic buying in selected regions |c Martin Kuchta, Patrik Richnák |
| 520 | |a Vývoj, adaptácia a rozšírenie programového nákupu ako integrálna súčasť digitálneho marketingu. Výhody a nevýhody programového nákupu. Technológie využívané pri programovom nakupovaní. Prehľad literatúry a porovnanie európskych krajín a USA. | ||
| 610 | 2 | 0 | |a marketing |
| 610 | 2 | 0 | |a kampane reklamné |
| 610 | 2 | 0 | |a marketing elektronický |
| 610 | 2 | 0 | |a vývoj |
| 610 | 2 | 0 | |a nákup |
| 610 | 2 | 0 | |a nákup elektronický |
| 610 | 2 | 0 | |a internet |
| 610 | 2 | 0 | |a technológie nové |
| 610 | 2 | 0 | |a regióny |
| 610 | 2 | 0 | |a USA |
| 610 | 2 | 0 | |a Európa |
| 610 | 2 | 0 | |a porovnanie medzinárodné |
| 100 | 1 | |a Kuchta, Martin, 1990- | |
| 700 | 1 | |a Richnák, Patrik, 1988- | |